ბათუმის შოთა რუსთაველის სახელმწიფო უნივერსიტეტის ბიბლიოთეკა

სამხრეთ-დასავლეთ საქართველოს ეთნოლოგიის პრობლემები IV / (ბიბ.ჩანაწერი № 53190)

000 -ლიდერი
ფიქსირებული სიგრძის საკონტროლო ველი 01469nam a2200229Ia 4500
001 - საკონტროლო ნომერი
საკონტროლო ველი 20231
003 - საკონტროლო ნომრის იდენტიფიკატორი
საკონტროლო ველი GE_BSU
005 - ბოლო ოპერაციის თარიღი და დრო
საკონტროლო ველი 20230510114442.0
008 - ფიქსირებული სიგრძის მონაცემთა ელემენტები - ზოგადი ინფორმაცია
ფიქსირებული სიგრძის საკონტროლო ველი 181216s2016||||ge |||||||||||||| ||geo||
020 ## - წიგნის საერთაშორისო სტანდარტული ნომერი
International Standard Book Number 1987-5274
040 ## - კატალოგიზაციის წყარო
Transcribing agency GE_BSU
041 ## - ენის კოდი
Language code of text/sound track or separate title geo
080 ## - უნივერსალური ათობითი კლასიფიკაციის ინდექსი
Universal Decimal Classification number 39(479.223) ს–24
245 ## - ცნობა სათაურის შესახებ
Title სამხრეთ-დასავლეთ საქართველოს ეთნოლოგიის პრობლემები IV /
Statement of responsibility, etc რედ. ნოდარ კახიძე; ბსუ; ნიკო ბერძენიშვილის ინ–ტი. ეთნოლოგიისა და სოციალური კვლევის განყოფილება.
264 ## - წარმოების, გამოცემის, დისტრიბუციის და სხვა ცნობები
გამოცემის, წარმოების, დისტრიბუციის... ადგილი ბათუმი :
გამოცემის, წარმოების, დისტრიბუციის... სახელწოდება ბათუმის შოთა რუსთაველის სახ. უნ-ტი,
გამოცემის, წარმოების, დისტრიბუციის... თარიღი 2016.
300 ## - ფიზიკური აღწერა
Extent 203 გვ.;
Other physical details 21სმ.
500 ## - ზოგადი შენიშვნა
General note პარალ. სათ. ინგლ. და რუს. ენ.
653 ## - INDEX TERM--UNCONTROLLED
Uncontrolled term ეთნოლოგია
700 ## - ADDED ENTRY--PERSONAL NAME
Personal name კახიძე, ნოდარ
Relator term რედაქტორი
9 (RLIN) 8379
710 ## - ADDED ENTRY--CORPORATE NAME
Corporate name or jurisdiction name as entry element ბათუმის შოთა რუსთაველის სახელმწიფო უნივერსიტეტი
9 (RLIN) 8380
Subordinate unit ნიკო ბერძენიშვილის ინ–ტი. ეთნოლოგიისა და სოციალური კვლევის განყოფილება.
942 ## - ADDED ENTRY ELEMENTS (KOHA)
Koha item type წიგნი
Source of classification or shelving scheme
ეგზემპლარები
ჩამოწერის სტატუსი დაკარგული ეგზემპლარის სტატუსი კლასიფიკაციის წყარო ან თაროზე გაწყობის სქემა დაზიანების სტატუსი არ გაიცემა მუდმივი მდებარეობა (დაცვის ადგილი) ამჟამინდელი ადგილსამყოფელი თაროზე განთავსების ადგილი შეძენის თარიღი ღირებულება, შესყიდვის ნორმალური ფასი სრული შენახვის შიფრი შტრიხკოდი ბოლო ოპერაციის თარიღი ეგზემპლარის მიმდევრობითი ნომერი (კეტერი?) ფასის ძალაში შესვლის თარიღი ეგზემპლარის სახეობა საჯარო შენიშვნა Uniform Resource Identifier
          ბათუმის შოთა რუსთაველის სახელმწიფო უნივერსიტეტის მთავარი ბიბლიოთეკა ბათუმის შოთა რუსთაველის სახელმწიფო უნივერსიტეტის მთავარი ბიბლიოთეკა წიგნსაცავი 2018-12-17 6.19 39(479.223) ს–24 52782 2018-12-17 52782 2018-12-17 წიგნი 6.19 ლ.  
          ბათუმის შოთა რუსთაველის სახელმწიფო უნივერსიტეტის მთავარი ბიბლიოთეკა ბათუმის შოთა რუსთაველის სახელმწიფო უნივერსიტეტის მთავარი ბიბლიოთეკა წიგნსაცავი 2018-12-17 6.19 39(479.223) ს–24 52783 2018-12-17 52783 2018-12-17 წიგნი 6.19 ლ.  
          ბათუმის შოთა რუსთაველის სახელმწიფო უნივერსიტეტის მთავარი ბიბლიოთეკა ბათუმის შოთა რუსთაველის სახელმწიფო უნივერსიტეტის მთავარი ბიბლიოთეკა წიგნსაცავი 2018-12-17 6.19 39(479.223) ს–24 52784 2018-12-17 52784 2018-12-17 წიგნი 6.19 ლ.  
          ბათუმის შოთა რუსთაველის სახელმწიფო უნივერსიტეტის მთავარი ბიბლიოთეკა ბათუმის შოთა რუსთაველის სახელმწიფო უნივერსიტეტის მთავარი ბიბლიოთეკა წიგნსაცავი 2018-12-17 6.19 39(479.223) ს–24 52786 2018-12-17 52786 2018-12-17 წიგნი 6.19 ლ.  
          ბათუმის შოთა რუსთაველის სახელმწიფო უნივერსიტეტის მთავარი ბიბლიოთეკა ბათუმის შოთა რუსთაველის სახელმწიფო უნივერსიტეტის მთავარი ბიბლიოთეკა წიგნსაცავი 2018-12-17 6.19 39(479.223) ს–24 52787 2018-12-17 52787 2018-12-17 წიგნი 6.19 ლ.  
          ბათუმის შოთა რუსთაველის სახელმწიფო უნივერსიტეტის მთავარი ბიბლიოთეკა ბათუმის შოთა რუსთაველის სახელმწიფო უნივერსიტეტის მთავარი ბიბლიოთეკა წიგნსაცავი 2023-05-10 5.00 39(479.223) ს–24 64338 2023-05-10 64338 2023-05-10 წიგნი 5 ლ. ბსუ-ს საპატიო დოქტორის გურამ ლორთქიფანიძის საჩუქარი